| 000 | 00908nam a22002177a 4500 | ||
|---|---|---|---|
| 003 | BUBTL | ||
| 008 | 220111b ||||| |||| 00| 0 eng d | ||
| 020 | _a978984918390 | ||
| 082 | _a954.92/ R1836b/ 2019 | ||
| 100 |
_94482 _aরশীদ, রফিকুর |
||
| 245 |
_aবঙ্গবন্ধু ও মুক্তিযুদ্ধের গল্প / _cরফিকুর রশীদ |
||
| 250 | _a1st Edn. | ||
| 260 |
_aঢাকা: _bঅক্ষর প্রকাশনী, _cc2019 |
||
| 300 |
_a175 p.: _c22 cm. |
||
| 505 | _aবঙ্গবন্ধু ও মুক্তিযুদ্ধের গল্প,বঙ্গবন্ধু, মুক্তিযুদ্ধ, রফিকুর রশীদ | ||
| 650 | 0 |
_93574 _aবঙ্গবন্ধু |
|
| 650 | 0 |
_94372 _aBangabandhu |
|
| 856 |
_k0 _l0 _yDownload |
||
| 942 |
_2ddc _cBK |
||
| 999 |
_c6630 _d6630 |
||